Zaklínač V Krst ohňom

Bibliographic Details
Main Author: Sapkowski, Andrzej, 1948- (Author)
Other Authors: Chmel, Karol, 1953- (Translator)
Format: Book
Language:Slovak
Polish
PhysicalDescription:336 s. 22 cm
Published: Praha Plus 2017
ISBN:9788025906118
Edition:1. slov. vyd.
Subjects:

MARC

LEADER 00000cam a2200000 a 4500
001 vtls011607279
003 SK-MaSNL
005 20260301093400.0
008 240313s2017 xr g 000 f slo
015 |a SNBZSA2017/09 
020 |a 9788025906118  |q (viazané) 
035 |a urn:nbn:sk:snk-am00dzr1 
035 |a urn:nbn:sk:snk-am3ia2x 
035 |a 1C6072D8-A600-4698-992E-41A833781F4F 
040 |a SNK  |b slo  |c SNK  |e AACR2 
041 1 |a slo  |h pol 
044 |a xr  |c CZ 
072 7 |a 821.162.1  |x Poľská literatúra  |2 konspekt 
080 |a 821.162.1-31  |2 2011 
080 |a (0:82-312.9)  |2 2011 
100 1 |a Sapkowski, Andrzej,  |d 1948-  |4 aut  |9 211771 
240 1 0 |a Crzest Ognia  |l Slovensky 
245 1 0 |a Zaklínač  |n V  |p Krst ohňom  |c Andrzej Sapkowski ; [z poľského originálu ... preložil Karol Chmel] 
246 3 0 |a Krst ohňom 
250 |a 1. slov. vyd. 
260 |a Praha  |b Plus  |c 2017 
300 |a 336 s.  |c 22 cm 
500 |a Vydalo nakladateľstvo Plus v spoločnosti Albatros Media Praha 
655 7 |a poľské romány  |2 SNKPH  |9 70521 
655 7 |a fantasy romány  |2 SNKPH  |9 121434 
655 7 |a Poland novels  |2 SNKPHeng  |9 309193 
655 7 |a Fantasy novels  |2 SNKPHeng  |9 248525 
700 1 |a Chmel, Karol,  |d 1953-  |4 trl  |9 105159 
852 |a Štátna vedecká knižnica v Banskej Bystrici 
919 |a 978-80-259-0611-8 
958 |a ZS 
958 |a NB 
999 |c 676839  |d 678769 
952 |a SNK  |b SNK  |y PREZ  |7 0  |p 17A1270308  |o snkSC 170119/5  |i snk2017/18119  |8 4  |g 13.91  |0 0  |1 0  |4 0  |d 2017-07-24  |f 1  |l 0  |r 2026-02-23 19:45:00  |w 2026-02-23